Prírastkový bulletin. Číslo 10.

Saved in:
Bibliographic Details
Format: Book
Language:Slovak
Published: Bratislava : ÚK SAV, 1955.
Physical Description: 40.
Tags: Add Tag
No Tags, Be the first to tag this record!

MARC

LEADER 00000nam a22000002i 4500
001 000700310
005 20230731094858.0
008 230731s1955 xo e 000 0 slo d
020 |q (brožované) 
040 |a SVKKK  |b slo  |c SVKKK  |e rda 
245 0 0 |a Prírastkový bulletin. Číslo 10. 
264 1 |a Bratislava :  |b ÚK SAV,  |c 1955. 
300 |a 40. 
336 |a text  |b txt  |2 rdacontent 
337 |a bez média  |b n  |2 rdamedia 
338 |a zväzok  |b nc  |2 rdacarrier 
500 |a Záznam revízie 
910 |a svkkk 
998 |a BK 
090 |g SCKHL  |k Sklad Pribinova 3. posch.  |a V.22489  |j 162689  |i 2721019634  |s Vyradená